[Event "Kouty nad Desnou op-N"]
[Site "Kouty nad Desnou"]
[Date "2013.03.15"]
[Round "8"]
[White "Zilavy, Jan"]
[Black "Skula, Milan"]
[Result "1/2-1/2"]
[WhiteElo "1762"]
[BlackElo "1100"]
[PlyCount "35"]
[EventDate "2013.03.09"]
[EventType "swiss"]
[EventRounds "9"]
[EventCountry "CZE"]
[SourceTitle "EXT 2015"]
[Source "ChessBase"]
[SourceDate "2014.11.20"]
[SourceVersion "1"]
[SourceVersionDate "2014.11.20"]
[SourceQuality "1"]

1. f4 d5 2. Nf3 Bf5 3. e3 Nf6 4. b3 e6 5. Bb2 a6 6. Be2 Nc6 7. 0-0 Be7 8. d3 0-0 9. Nbd2 h6 10. Nd4 Nxd4 11. Bxd4 c5 12. Bb2 Rc8 13. Nf3 Ng4 14. Qd2 Bf6 15. Bxf6 Nxf6 16. Rad1 Re8 17. Ne5 Nd7 18. Nf3 1/2-1/2

[Event "Kouty nad Desnou op-N"]
[Site "Kouty nad Desnou"]
[Date "2013.03.13"]
[Round "6"]
[White "Skula, Milan"]
[Black "Kocourek, Jiri"]
[Result "1/2-1/2"]
[WhiteElo "1100"]
[BlackElo "1564"]
[PlyCount "42"]
[EventDate "2013.03.09"]
[EventType "swiss"]
[EventRounds "9"]
[EventCountry "CZE"]
[SourceTitle "EXT 2015"]
[Source "ChessBase"]
[SourceDate "2014.11.20"]
[SourceVersion "1"]
[SourceVersionDate "2014.11.20"]
[SourceQuality "1"]

1. d4 Nf6 2. Bf4 d5 3. Nc3 c5 4. e3 cxd4 5. exd4 a6 6. Nf3 Nc6 7. Ne5 Bf5 8. Nxc6 bxc6 9. Bd3 Bg4 10. f3 Bh5 11. Be2 e6 12. a3 c5 13. Be3 cxd4 14. Bxd4 Bd6 15. 0-0 0-0 16. f4 Bxe2 17. Qxe2 Re8 18. Rab1 Be7 19. Kh1 Nd7 20. Qg4 Bf6 21. Bxf6 Nxf6 1/2-1/2